Fr. Conceicao Rodrigues College of Engineering

Students guide to Unix (Record no. 32423)

MARC details
000 -LEADER
fixed length control field 00307nam a2200145Ia 4500
082 ## - DEWEY DECIMAL CLASSIFICATION NUMBER
Classification number 005.13 'U'
100 ## - MAIN ENTRY--PERSONAL NAME
Personal name Hahn harley
245 ## - TITLE STATEMENT
Title Students guide to Unix
260 ## - PUBLICATION, DISTRIBUTION, ETC.
Name of publisher, distributor, etc. Mc Graw Hill
Place of publication, distribution, etc. Singapore
Date of publication, distribution, etc. 1993
300 ## - PHYSICAL DESCRIPTION
Extent 633
546 ## - LANGUAGE NOTE
Language note ENGLISH
654 ## - SUBJECT ADDED ENTRY--FACETED TOPICAL TERMS
Focus term Guide to unix
942 ## - ADDED ENTRY ELEMENTS (KOHA)
Koha item type BOOK
Holdings
Withdrawn status Lost status Damaged status Not for loan Collection Home library Current library Shelving location Date acquired Source of acquisition Cost, normal purchase price Total Checkouts Full call number Barcode Date last seen Cost, replacement price Price effective from Koha item type
        CRC Fr. Agnel's C.Rodrigues College of Engineering Fr. Agnel's C.Rodrigues College of Engineering   17/03/2023 global books 415.00   005.13 'U' 5473 17/03/2023 415.00 17/03/2023 BOOK
        CRC Fr. Agnel's C.Rodrigues College of Engineering Fr. Agnel's C.Rodrigues College of Engineering   17/03/2023 global books 415.00   005.13 'U' 5491 17/03/2023 415.00 17/03/2023 BOOK